Carolina Coronado (Record no. 49021)

MARC details
000 -LEADER
campo de control de longitud fija 00711nam a2200205 i 4500
001 - NÚMERO DE CONTROL
campo de control 49021
003 - IDENTIFICADOR DE NÚMERO DE CONTROL
campo de control ES-MaACL
007 - CAMPO FIJO DE DESCRIPCIÓN FÍSICA--INFORMACIÓN GENERAL
campo de control de longitud fija t|
008 - DATOS DE LONGITUD FIJA--INFORMACIÓN GENERAL
campo de control de longitud fija 030704s1983 sp ||||1| spa d
100 0# - ENTRADA PRINCIPAL--NOMBRE DE PERSONA
Nombre de persona Porpetta, Antonio,
Fechas asociadas al nombre 1936-2023
9 (RLIN) 93136
245 10 - MENCIÓN DEL TÍTULO
Título Carolina Coronado
Resto del título : (apunte biográfico y antología) /
Mención de responsabilidad, etc. Antonio Porpetta, Luzmaría Jiménez Faro.
250 ## - MENCION DE EDICION
Mención de edición 1ª ed.
260 ## - PUBLICACIÓN, DISTRIBUCIÓN, ETC.
Lugar de publicación, distribución, etc. Madrid :
Nombre del editor, distribuidor, etc. Torremozas,
Fecha de publicación, distribución, etc. 1983.
300 ## - DESCRIPCIÓN FÍSICA
Extensión 106 p. ;
Dimensiones 17 cm.
490 1# - MENCIÓN DE SERIE
Mención de serie Colección de poesía de mujeres ;
Designación de volumen o secuencia 3
700 0# - ENTRADA AGREGADA--NOMBRE PERSONAL
Nombre de persona Jiménez Faro, Luzmaría,
Fechas asociadas al nombre 1937-2015
9 (RLIN) 66520
830 00 - PUNTO DE ACCESO ADICIONAL DE SERIE-TÍTULO UNIFORME
Título uniforme Colección Torremozas de poesía de mujeres
Designación de volumen o secuencia 3
9 (RLIN) 177494
852 ## - LOCALIZACIÓN
Ubicación ES-MaACL
Número de control de estantería L-5410
Sublocalización o colección R.105846
Holdings
Estatus retirado Estado de pérdida Estado de daño No para préstamo Biblioteca de origen Biblioteca actual Ubicación en estantería Fecha de adquisición Fuente de adquisición Total de préstamos Signatura topográfica completa Código de barras Visto por última vez Precio de reemplazo Tipo de ítem Koha
        Biblioteca del Ateneo de Madrid Biblioteca del Ateneo de Madrid Depósito 2 17/01/2008     L-5410 1051587 23/02/2023 23/02/2023 Libro impreso